[Event "1. OEsterreichische Internet Schach Meisterschaft - Vorrunde 1"]
[Site "Online - Playchess.com"]
[Date ""]
[Round "6"]
[Board "65"]
[White "Kessler, Manuel"]
[Black "Schroettner, Tobias Julian"]
[Result "0-1"]
[WhiteElo "1731"]
[BlackElo "1503"]
[PlyCount "108"]
[EventDate "2020.04.11"]
[EventRounds "9"]
[EventCountry "AUT"]

1. d4 Nf6 2. c4 g6 3. Nc3 Bg7 4. e4 d6 5. f3 O-O 6. Bd3 Nc6 7. Nge2 e5 8. d5
Ne7 9. O-O Ne8 10. Be3 f5 11. Rb1 f4 12. Bf2 h5 13. b4 g5 14. c5 Nf6 15. cxd6
cxd6 16. Nb5 a6 17. Na3 b5 18. Rc1 g4 19. Qc2 Qe8 20. Qc7 gxf3 21. gxf3 Bh3 22.
Kh1 Bxf1 23. Rxf1 Qd8 24. Rc1 Rc8 25. Qxd8 Rxc1+ 26. Nxc1 Rxd8 27. Nb3 Rc8 28.
Kg1 Nh7 29. Nb1 Ng5 30. Kg2 Bf6 31. h4 Nf7 32. Kh3 Kg7 33. Be1 Rc7 34. Bf2 Nc8
35. Kg2 Bd8 36. Kf1 Rd7 37. Ke2 Nb6 38. N1d2 Na4 39. Na5 Bxa5 40. bxa5 Nc3+ 41.
Ke1 Nxa2 42. Nb3 Nb4 43. Bb1 Rc7 44. Kd2 Nd8 45. Be1 Nb7 46. Ke2 Nc2 47. Bd2
Na3 48. Bd3 Nc4 49. Bb4 Kf6 50. Bb1 Rg7 51. Kf2 Ke7 52. Bc2 Ne3 53. Bb1 Rg2+
54. Ke1 Rb2  0-1

[Event "1. OEsterreichische Internet Schach Meisterschaft - Vorrunde 1"]
[Site "Online - Playchess.com"]
[Date ""]
[Round "6"]
[Board "66"]
[White "Guba, Viktor"]
[Black "Ussar, Reinhard"]
[Result "1/2-1/2"]
[WhiteElo "1401"]
[BlackElo "1676"]
[PlyCount "61"]
[EventDate "2020.04.11"]
[EventRounds "9"]
[EventCountry "AUT"]

1. e4 e5 2. Nf3 Nf6 3. Nxe5 d6 4. Nf3 Nxe4 5. d3 Nf6 6. Nc3 d5 7. Bg5 Be7 8.
Be2 O-O 9. O-O h6 10. Bh4 Nc6 11. d4 a6 12. Ne5 Bf5 13. Nxc6 bxc6 14. Bg3 Qb8
15. b3 Qb4 16. Nb1 Ne4 17. Bxc7 Bg5 18. a3 Qe7 19. Ba5 Bf4 20. Bb4 Qh4 21. g3
Nxg3 22. fxg3 Bxg3 23. hxg3 Qxg3+ 24. Kh1 Qh3+ 25. Kg1 Qg3+ 26. Kh1 Be4+ 27.
Bf3 Qh3+ 28. Kg1 Qg3+ 29. Kh1 Qh3+ 30. Kg1 Qg3+ 31. Kh1  1/2-1/2

[Event "1. OEsterreichische Internet Schach Meisterschaft - Vorrunde 1"]
[Site "Online - Playchess.com"]
[Date ""]
[Round "6"]
[Board "67"]
[White "Moerwald, Magdalena"]
[Black "Hofer, Martin"]
[Result "1-0"]
[WhiteElo "1791"]
[BlackElo "1603"]
[PlyCount "87"]
[EventDate "2020.04.11"]
[EventRounds "9"]
[EventCountry "AUT"]

1. e4 d5 2. exd5 Nf6 3. d4 Ne4 4. c4 e6 5. dxe6 Bxe6 6. Nc3 Bb4 7. Nge2 O-O 8.
a3 Bxc3+ 9. Nxc3 Nxc3 10. bxc3 Re8 11. Be3 Bf5 12. Be2 Nc6 13. O-O Qf6 14. d5
Ne5 15. Bd4 Qg6 16. Bh5 Qg5 17. Be3 Qe7 18. Qd4 g6 19. Be2 Rad8 20. Bh6 f6 21.
c5 Nc6 22. Qe3 Qf7 23. Qf4 Ne5 24. Bb5 Re7 25. c4 a6 26. Ba4 Nd3 27. Qf3 Nxc5
28. Bd1 Bd3 29. Be3 Bxf1 30. Bxc5 Red7 31. Kxf1 b6 32. Bd4 f5 33. Qh3 c6 34.
Bb3 c5 35. Be3 Qf6 36. Re1 f4 37. Bc1 Re7 38. Rxe7 Qxe7 39. Qe6+ Qxe6 40. dxe6
Re8 41. Bxf4 Rxe6 42. Bc7 b5 43. cxb5 axb5 44. Bxe6+ {Homawog gibt auf}  1-0

[Event "1. OEsterreichische Internet Schach Meisterschaft - Vorrunde 1"]
[Site "Online - Playchess.com"]
[Date ""]
[Round "6"]
[Board "69"]
[White "Buchner, Martin"]
[Black "Schein, Alexander"]
[Result "1-0"]
[WhiteElo "2055"]
[BlackElo "1631"]
[PlyCount "51"]
[EventDate "2020.04.11"]
[EventRounds "9"]
[EventCountry "AUT"]

1. d4 f5 2. Nf3 e6 3. e3 Nf6 4. Bd3 Bd6 5. c4 c6 6. Nc3 O-O 7. O-O Bc7 8. e4
fxe4 9. Nxe4 Nxe4 10. Bxe4 d5 11. cxd5 cxd5 12. Bb1 Qe8 13. Qd3 Qh5 14. Re1 b6
15. Bd2 Rxf3 16. Qxf3 Qxh2+ 17. Kf1 Ba6+ 18. Bd3 Bxd3+ 19. Qxd3 Qh1+ 20. Ke2
Qxg2 21. Rg1 Qe4+ 22. Be3 Qxd3+ 23. Kxd3 Nc6 24. a3 e5 25. Rac1 e4+ 26. Kd2  1-0

[Event "1. OEsterreichische Internet Schach Meisterschaft - Vorrunde 1"]
[Site "Online - Playchess.com"]
[Date ""]
[Round "6"]
[Board "71"]
[White "Schwarz, Benedikt"]
[Black "Zechner, Andrea"]
[Result "1-0"]
[WhiteElo "1815"]
[BlackElo "1862"]
[PlyCount "181"]
[EventDate "2020.04.11"]
[EventRounds "9"]
[EventCountry "AUT"]

1. d4 d5 2. Bf4 Nf6 3. e3 c6 4. Nd2 Bf5 5. c4 e6 6. Qb3 Qb6 7. c5 Qxb3 8. axb3
Nbd7 9. Ngf3 Be7 10. b4 Nh5 11. Bg3 Nxg3 12. hxg3 O-O 13. b5 Bf6 14. Nh4 Bg6
15. Nxg6 hxg6 16. f4 g5 17. Bd3 g6 18. Nf3 Bg7 19. Nxg5 Rfe8 20. Nf3 f6 21.
Bxg6 Re7 22. Kd2 cxb5 23. Bh7+ Kf7 24. Bd3 b4 25. Rh7 a6 26. Nh4 Rh8 27. Rxh8
Bxh8 28. Ng6 Re8 29. Rh1 Bg7 30. Nh4 Rh8 31. Rh3 e5 32. fxe5 fxe5 33. Nf5 e4
34. Rxh8 Bxh8 35. Be2 Ke6 36. Nd6 Nf8 37. Nxb7 Ng6 38. Nd6 Ne7 39. Bxa6 Nc6 40.
Be2 Na5 41. Nb5 Nb3+ 42. Kc2 Na5 43. Na7 Bf6 44. c6 Bd8 45. Nb5 Nxc6 46. Bg4+
Kf6 47. Bd7 Na5 48. Na7 Kg5 49. Nc6 Bc7 50. Nxa5 Bxg3 51. Bc6 Bf2 52. Bxd5 Bxe3
53. Bxe4 Bxd4 54. b3 Kf4 55. Bf3 Kg3 56. Nc6 Bc3 57. Kd3 Be1 58. Kc4 Bc3 59.
Nxb4 Be1 60. Nd5 Bf2 61. b4 Kh4 62. b5 Kg5 63. b6 Bxb6 64. Nxb6 Kf4 65. Kd4 Kg5
66. g4 Kf4 67. Nd5+ Kg5 68. Ke5 Kg6 69. Kf4 Kg7 70. Kg5 Kf7 71. Kh6 Ke6 72. g5
Kf7 73. g6+ Kg8 74. g7 Kf7 75. Kh7 Ke6 76. g8=Q+ Kf5 77. Qf7+ Ke5 78. Qe7+ Kd4
79. Kg6 Kc4 80. Nf4 Kd4 81. Qe4+ Kc5 82. Qd5+ Kb6 83. Qc6+ Ka5 84. Qb7 Ka4 85.
Bd1+ Ka5 86. Qb3 Ka6 87. Kf6 Ka5 88. Ke6 Ka6 89. Kd6 Ka5 90. Kc5 Ka6 91. Qb6#
 1-0

[Event "1. OEsterreichische Internet Schach Meisterschaft - Vorrunde 1"]
[Site "Online - Playchess.com"]
[Date ""]
[Round "6"]
[Board "72"]
[White "Moerwald, Miriam"]
[Black "Ticar, Clemens"]
[Result "1-0"]
[WhiteElo "1760"]
[BlackElo "1753"]
[PlyCount "50"]
[EventDate "2020.04.11"]
[EventRounds "9"]
[EventCountry "AUT"]

1. e4 d6 2. d4 Nf6 3. Nc3 e5 4. Nf3 Nbd7 5. Be2 Be7 6. O-O O-O 7. Re1 c6 8. h3
Re8 9. d5 cxd5 10. exd5 Nb6 11. Be3 Bd7 12. Qd2 Rc8 13. Nb5 Nc4 14. Bxc4 Rxc4
15. Nc3 Qa5 16. Ne4 Nxe4 17. Qxa5 Rxc2 18. Qxa7 Rxb2 19. Rab1 Rc2 20. Rxb7 Nxf2
21. Rxd7 Nxh3+ 22. gxh3 Bh4 23. Nxh4 e4 24. Rxf7 Re5 25. Rxg7+ Kh8 {racit gibt
auf}  1-0

[Event "1. OEsterreichische Internet Schach Meisterschaft - Vorrunde 1"]
[Site "Online - Playchess.com"]
[Date ""]
[Round "6"]
[Board "73"]
[White "Kozissnik, Christian"]
[Black "Thummer, Philipp"]
[Result "1-0"]
[WhiteElo "2023"]
[BlackElo "1207"]
[PlyCount "73"]
[EventDate "2020.04.11"]
[EventRounds "9"]
[EventCountry "AUT"]

1. d4 d6 2. e3 c6 3. c3 g6 4. f4 Bg7 5. Nf3 Bg4 6. Be2 Nd7 7. O-O Ngf6 8. Nbd2
d5 9. b3 Ne4 10. Bb2 Ndf6 11. Qc2 Bf5 12. Qd1 Nxd2 13. Nxd2 h5 14. Nf3 Ne4 15.
Ne5 Bxe5 16. fxe5 Qd7 17. c4 b6 18. cxd5 cxd5 19. Rc1 O-O 20. Bd3 Rac8 21. Qe2
Rxc1 22. Rxc1 Rc8 23. Qd1 Kg7 24. Ba6 Rc7 25. Qf1 Rxc1 26. Qxc1 Bg4 27. Bd3 Qf5
28. Qe1 Qg5 29. Bxe4 dxe4 30. d5 Bf3 31. Qf2 Bg4 32. e6+ f6 33. d6 Bxe6 34.
dxe7 Bf7 35. h4 Qc5 36. Qxf6+ Kh7 37. Qg7#  1-0

[Event "1. OEsterreichische Internet Schach Meisterschaft - Vorrunde 1"]
[Site "Online - Playchess.com"]
[Date ""]
[Round "6"]
[Board "74"]
[White "Maister, Dieter"]
[Black "Kainz, Josef"]
[Result "1-0"]
[WhiteElo "1851"]
[BlackElo "2005"]
[PlyCount "57"]
[EventDate "2020.04.11"]
[EventRounds "9"]
[EventCountry "AUT"]

1. e4 c5 2. Nf3 Nc6 3. d4 cxd4 4. c3 Nf6 5. e5 Nd5 6. cxd4 e6 7. Nc3 Nxc3 8.
bxc3 d5 9. Bd3 Be7 10. h4 Qc7 11. h5 h6 12. O-O Bd7 13. Rb1 O-O-O 14. a4 Na5
15. Bd2 Kb8 16. Qc2 g5 17. Rb2 g4 18. Ne1 Rdg8 19. Ba6 Bg5 20. Be3 Bc6 21. Nd3
Ka8 22. Rfb1 bxa6 23. Nc5 Rb8 24. Nxa6 Rxb2 25. Nxc7+ Kb7 26. Qxb2+ Kxc7 27.
Qb4 Be7 28. Qxe7+ Bd7 29. Qd6+ {Kainzj gibt auf}  1-0

[Event "1. OEsterreichische Internet Schach Meisterschaft - Vorrunde 1"]
[Site "Online - Playchess.com"]
[Date ""]
[Round "6"]
[Board "75"]
[White "Kubik, Gerhard"]
[Black "Astner, Klaus"]
[Result "1-0"]
[WhiteElo "1985"]
[BlackElo "1409"]
[PlyCount "79"]
[EventDate "2020.04.11"]
[EventRounds "9"]
[EventCountry "AUT"]

1. d4 e6 2. e4 Nf6 3. Nc3 Bb4 4. e5 Nd5 5. Qg4 Nxc3 6. Qxg7 Rf8 7. a3 Ba5 8. b4
Bb6 9. Bh6 Qe7 10. Qxh7 Bxd4 11. Bxf8 Qxf8 12. Nf3 Nb5 13. Nxd4 Nxd4 14. O-O-O
Nb5 15. Kb2 a5 16. Bxb5 axb4 17. Ra1 bxa3+ 18. Ka2 Qb4 19. Qg8+ Ke7 20. Rhb1
Qc5 21. Qg5+ Kf8 22. Qd2 c6 23. Bd3 Qd5+ 24. c4 Qxe5 25. Re1 Qf6 26. Bc2 Na6
27. Bb3 Nc5 28. Qd6+ Kg8 29. Re2 Nxb3 30. Kxb3 Qxa1 31. Qg3+ Kf8 32. Qh4 Qd1+
33. Rc2 a2 34. Qd8+ Kg7 35. Qg5+ Kh7 36. Qh4+ Kg6 37. Qg3+ Kf5 38. Qh3+ Ke5 39.
Qg3+ Kd4 40. Qe3#  1-0

[Event "1. OEsterreichische Internet Schach Meisterschaft - Vorrunde 1"]
[Site "Online - Playchess.com"]
[Date ""]
[Round "6"]
[Board "76"]
[White "Katter, Katharina"]
[Black "Gschiel, Alexander"]
[Result "1-0"]
[WhiteElo "1930"]
[BlackElo "1908"]
[PlyCount "45"]
[EventDate "2020.04.11"]
[EventRounds "9"]
[EventCountry "AUT"]

1. d4 Nf6 2. Nf3 e6 3. c4 d5 4. e3 Be7 5. Nc3 O-O 6. Qc2 b6 7. b3 Bb7 8. Be2 c5
9. Bb2 cxd4 10. exd4 dxc4 11. bxc4 Nbd7 12. O-O Rc8 13. Ne5 Nxe5 14. dxe5 Nd7
15. Nb5 a6 16. Nd6 Bxd6 17. exd6 Nf6 18. Rfd1 Ne4 19. Rd4 Nxd6 20. Rad1 Qg5 21.
Rg4 Qe7 22. Rxg7+ Kh8 23. Qxh7#  1-0

[Event "1. OEsterreichische Internet Schach Meisterschaft - Vorrunde 1"]
[Site "Online - Playchess.com"]
[Date ""]
[Round "6"]
[Board "77"]
[White "Griessnig, Thomas"]
[Black "Mittelbach, Eduard"]
[Result "1-0"]
[WhiteElo "1895"]
[BlackElo "1667"]
[PlyCount "51"]
[EventDate "2020.04.11"]
[EventRounds "9"]
[EventCountry "AUT"]

1. d4 Nf6 2. Nf3 c5 3. e3 Nc6 4. Bd3 cxd4 5. exd4 Qb6 6. c3 e6 7. O-O Bd6 8.
Nbd2 O-O 9. Qc2 g6 10. Ne4 Nd5 11. Nxd6 Nxd4 12. Nxd4 Qxd6 13. Bh6 Re8 14. Rae1
Nf6 15. Nf3 Ng4 16. Be3 e5 17. h3 Nxe3 18. Rxe3 f6 19. Bxg6 hxg6 20. Qxg6+ Kf8
21. Ng5 Re7 22. Nh7+ Rxh7 23. Qxh7 Qe6 24. Rg3 d5 25. Rg7 b5 26. Qh8+ {
Kater_ed gibt auf}  1-0

[Event "1. OEsterreichische Internet Schach Meisterschaft - Vorrunde 1"]
[Site "Online - Playchess.com"]
[Date ""]
[Round "6"]
[Board "78"]
[White "Simon, Christopher"]
[Black "Kratochwill, Christian"]
[Result "1/2-1/2"]
[WhiteElo "1824"]
[BlackElo "1717"]
[PlyCount "79"]
[EventDate "2020.04.11"]
[EventRounds "9"]
[EventCountry "AUT"]

1. d4 d5 2. Bf4 Nf6 3. e3 Nc6 4. Nf3 e6 5. c3 Bd6 6. Bg3 O-O 7. Nbd2 Re8 8. Ne5
Nd7 9. f4 f6 10. Nxc6 bxc6 11. Bd3 f5 12. Nf3 h6 13. Bh4 Be7 14. Bxe7 Qxe7 15.
O-O c5 16. Be2 Nf8 17. Ne5 Kh7 18. Kh1 a5 19. g4 Ba6 20. gxf5 Bxe2 21. Qxe2
exf5 22. Rg1 Qf6 23. Rg2 Rac8 24. Rag1 Re7 25. Qh5 cxd4 26. cxd4 c5 27. Rg6
Nxg6 28. Rxg6 Qf8 29. Nf3 Rxe3 30. Ng5+ Kh8 31. Nf7+ Qxf7 32. Rxh6+ gxh6 33.
Qxf7 Rg8 34. Qf6+ Kh7 35. Qxf5+ Kh8 36. Qf6+ Kh7 37. Qf7+ Kh8 38. Qf6+ Kh7 39.
Qf7+ Kh8 40. Qf6+  1/2-1/2

[Event "1. OEsterreichische Internet Schach Meisterschaft - Vorrunde 1"]
[Site "Online - Playchess.com"]
[Date ""]
[Round "6"]
[Board "79"]
[White "Staudacher, Karl-Heinz"]
[Black "Kipman, Felix"]
[Result "0-1"]
[WhiteElo "1734"]
[BlackElo "1576"]
[PlyCount "138"]
[EventDate "2020.04.11"]
[EventRounds "9"]
[EventCountry "AUT"]

1. Nf3 d5 2. c4 dxc4 3. Qa4+ Bd7 4. Qxc4 Nc6 5. g3 e5 6. d3 Nf6 7. Bg2 Bd6 8.
O-O O-O 9. Nc3 Be6 10. Qa4 Nd5 11. Nxd5 Bxd5 12. e4 Be6 13. Be3 Qf6 14. Bg5 Qg6
15. h4 Bg4 16. Nh2 Be2 17. Rfe1 Bxd3 18. Qb3 Ba6 19. Rac1 Nd4 20. Qc3 Ne2+ 21.
Rxe2 Bxe2 22. Qb3 Ba6 23. Nf3 h6 24. Be3 Rfd8 25. Qc3 Qxe4 26. Ng5 Qc4 27. Qxc4
Bxc4 28. Nxf7 Kxf7 29. Rxc4 b6 30. Bxa8 Rxa8 31. f4 Ke6 32. fxe5 Kxe5 33. Bf4+
Kd5 34. Ra4 Bxf4 35. Rxf4 Re8 36. Kg2 Re3 37. Rf2 Kd4 38. Rd2+ Rd3 39. Rxd3+
Kxd3 40. Kf3 Kc2 41. b3 Kb2 42. Kf4 Kxa2 43. Kf5 Kxb3 44. Kg6 c5 45. Kxg7 c4
46. g4 c3 47. g5 hxg5 48. hxg5 c2 49. g6 c1=Q 50. Kh7 Qg5 51. g7 Qxg7+ 52. Kxg7
a5 53. Kf6 a4 54. Ke5 a3 55. Kd4 a2 56. Kd3 a1=Q 57. Ke4 Qc3 58. Kd5 Kb4 59.
Ke6 Qd4 60. Kf5 Qe3 61. Kf6 Kc5 62. Kf5 Kd5 63. Kf6 Qe6+ 64. Kg5 Qf7 65. Kg4
Ke4 66. Kg3 Qf3+ 67. Kh4 Qg2 68. Kh5 Kf5 69. Kh6 Qg6#  0-1

[Event "1. OEsterreichische Internet Schach Meisterschaft - Vorrunde 1"]
[Site "Online - Playchess.com"]
[Date ""]
[Round "6"]
[Board "81"]
[White "Haselsberger, Armin"]
[Black "Steirer, Gerhard"]
[Result "1/2-1/2"]
[WhiteElo "1395"]
[BlackElo "1854"]
[PlyCount "37"]
[EventDate "2020.04.11"]
[EventRounds "9"]
[EventCountry "AUT"]

1. d4 Nf6 2. Bf4 e6 3. e3 d5 4. c4 c5 5. Nc3 cxd4 6. exd4 Bb4 7. a3 Bxc3+ 8.
bxc3 Ne4 9. Qb3 O-O 10. cxd5 exd5 11. Bd3 Re8 12. Ne2 Qf6 13. Bg3 Be6 14. Qxb7
Nd7 15. O-O h5 16. Bxe4 dxe4 17. Nf4 h4 18. Nxe6 fxe6 19. Bd6  1/2-1/2

[Event "1. OEsterreichische Internet Schach Meisterschaft - Vorrunde 1"]
[Site "Online - Playchess.com"]
[Date ""]
[Round "6"]
[Board "82"]
[White "Katter, Marlene"]
[Black "Lohr, Thomas"]
[Result "1-0"]
[WhiteElo "1609"]
[BlackElo "1203"]
[PlyCount "119"]
[EventDate "2020.04.11"]
[EventRounds "9"]
[EventCountry "AUT"]

1. d4 d5 2. Bf4 Bf5 3. e3 e6 4. c4 Be7 5. Qb3 b6 6. Nc3 Nd7 7. cxd5 exd5 8.
Nxd5 Bd6 9. Bxd6 cxd6 10. Bb5 Be6 11. Rc1 Bxd5 12. Qxd5 Rc8 13. Rxc8 Qxc8 14.
Qc6 Qxc6 15. Bxc6 Ne7 16. Bb5 f5 17. Ne2 g5 18. h4 g4 19. Kd2 Kd8 20. Rc1 Nf6
21. Nf4 Ng6 22. Ne6+ Ke7 23. Nf4 Ne4+ 24. Ke2 Nxf4+ 25. exf4 Rg8 26. g3 Rg7 27.
Rc7+ Kf6 28. Rxg7 Kxg7 29. Bd7 Kf6 30. Kf1 h6 31. Kg2 Nd2 32. Bc6 Nc4 33. b3
Nb2 34. f3 a5 35. fxg4 fxg4 36. Bd7 h5 37. Be8 Nd3 38. Bxh5 Nb4 39. Bxg4 Nxa2
40. Bd1 b5 41. g4 Nc3 42. Bc2 a4 43. bxa4 bxa4 44. g5+ Kg7 45. h5 a3 46. Bb3 a2
47. Bxa2 Nxa2 48. f5 Nc3 49. h6+ Kh7 50. Kf3 Nd5 51. Ke4 Ne7 52. f6 Ng6 53. Kf5
Nh4+ 54. Ke6 Kg6 55. f7 Kxg5 56. f8=Q Ng6 57. Qf6+ Kh5 58. Qf5+ Kxh6 59. Kf6 d5
60. Qxg6#  1-0

[Event "1. OEsterreichische Internet Schach Meisterschaft - Vorrunde 1"]
[Site "Online - Playchess.com"]
[Date ""]
[Round "6"]
[Board "83"]
[White "Schein, Leopold"]
[Black "Nyenstad, Martin"]
[Result "1-0"]
[WhiteElo "1584"]
[BlackElo "800"]
[PlyCount "57"]
[EventDate "2020.04.11"]
[EventRounds "9"]
[EventCountry "AUT"]

1. d4 e6 2. Nf3 d5 3. g3 Bd7 4. Bg2 Bb5 5. O-O Bd6 6. a4 Ba6 7. Bd2 Nf6 8. b4
b5 9. c3 Ng4 10. h3 Nf6 11. Bg5 h6 12. Be3 bxa4 13. Qxa4+ Nfd7 14. Re1 Bc4 15.
Nbd2 e5 16. dxe5 Bxe5 17. Nxe5 O-O 18. Nexc4 dxc4 19. Bxa8 Nc5 20. Bxc5 Qxd2
21. Bd4 Rd8 22. Qxa7 Kh7 23. Qxc7 Nc6 24. Bxc6 Qb2 25. Qxd8 Qxa1 26. Rxa1 f6
27. Be4+ g6 28. Qe7+ Kg8 29. Bd5+ {Zeit}  1-0

[Event "1. OEsterreichische Internet Schach Meisterschaft - Vorrunde 1"]
[Site "Online - Playchess.com"]
[Date ""]
[Round "7"]
[Board "1"]
[White "Halvax, Georg"]
[Black "Sulzbacher, Michael"]
[Result "1-0"]
[WhiteElo "2416"]
[BlackElo "2018"]
[PlyCount "43"]
[EventDate "2020.04.11"]
[EventRounds "9"]
[EventCountry "AUT"]

1. d4 d5 2. c4 c6 3. Nf3 Nf6 4. e3 Ng4 5. h3 Nf6 6. Nc3 e6 7. Qc2 h6 8. b3 Nbd7
9. Bb2 Qc7 10. Bd3 dxc4 11. bxc4 Bb4 12. a3 Ba5 13. O-O O-O 14. e4 Nh5 15. Ne2
Nf4 16. Nxf4 Qxf4 17. e5 Nxe5 18. dxe5 b5 19. Bc1 bxc4 20. Bxf4 cxd3 21. Qxd3
Bb6 22. Be3 {Thor gibt auf}  1-0

[Event "1. OEsterreichische Internet Schach Meisterschaft - Vorrunde 1"]
[Site "Online - Playchess.com"]
[Date ""]
[Round "7"]
[Board "2"]
[White "Ragger, Markus"]
[Black "Peyrer, Konstantin"]
[Result "1-0"]
[WhiteElo "2679"]
[BlackElo "2265"]
[PlyCount "51"]
[EventDate "2020.04.11"]
[EventRounds "9"]
[EventCountry "AUT"]

1. e4 e5 2. Nf3 Nc6 3. Bc4 Nf6 4. d3 Bc5 5. O-O O-O 6. c3 d6 7. Re1 h6 8. h3 a6
9. a4 Ba7 10. Nbd2 Ne7 11. Nf1 Ng6 12. Ng3 c6 13. Bb3 Re8 14. d4 Be6 15. Bc2
Qc7 16. Be3 b5 17. Qd2 Rad8 18. axb5 cxb5 19. Rxa6 exd4 20. Nxd4 Bxd4 21. Bxd4
Nd7 22. f4 Nc5 23. Raa1 Nb3 24. Bxb3 Bxb3 25. Nf5 f6 26. Ra7  1-0

[Event "1. OEsterreichische Internet Schach Meisterschaft - Vorrunde 1"]
[Site "Online - Playchess.com"]
[Date ""]
[Round "7"]
[Board "3"]
[White "Freitag, Manfred"]
[Black "Schwabeneder, Florian"]
[Result "0-1"]
[WhiteElo "2356"]
[BlackElo "2431"]
[PlyCount "128"]
[EventDate "2020.04.11"]
[EventRounds "9"]
[EventCountry "AUT"]

1. e4 c5 2. Nf3 d6 3. c3 Nf6 4. Be2 e5 5. O-O Be7 6. Bb5+ Bd7 7. Bxd7+ Qxd7 8.
Qe2 Nc6 9. Rd1 d5 10. exd5 Qxd5 11. d3 O-O-O 12. c4 Qd6 13. Nc3 Rhe8 14. Bg5
Nd4 15. Nxd4 exd4 16. Bxf6 Bxf6 17. Qg4+ Qe6 18. Qxe6+ Rxe6 19. Nd5 Rde8 20.
Kf1 Bd8 21. Re1 Rxe1+ 22. Rxe1 Rxe1+ 23. Kxe1 Kd7 24. b4 Kd6 25. Ke2 b5 26. g4
cxb4 27. Nxb4 bxc4 28. dxc4 Kc5 29. Nd3+ Kxc4 30. Ne5+ Kc3 31. Nxf7 Bc7 32. Kd1
Bxh2 33. Ng5 h6 34. Ne6 g6 35. f4 h5 36. gxh5 gxh5 37. f5 Be5 38. Ng5 h4 39. f6
h3 40. Nxh3 Bxf6 41. Nf4 Bg5 42. Ne6 Bh6 43. Nc5 Kb2 44. Ke2 Kxa2 45. Kd3 Be3
46. Na6 Kb3 47. Nc5+ Kb4 48. Na6+ Kb5 49. Nc7+ Kc6 50. Ne6 Kb5 51. Nc7+ Kb4 52.
Nd5+ Kb3 53. Nc7 a5 54. Na6 a4 55. Nc5+ Kb4 56. Na6+ Kb5 57. Nc7+ Kc6 58. Na6
a3 59. Kc4 Kb6 60. Nb4 Ka5 61. Na2 Ka4 62. Nc1 Bxc1 63. Kxd4 a2 64. Kc3 a1=Q+
 0-1

[Event "1. OEsterreichische Internet Schach Meisterschaft - Vorrunde 1"]
[Site "Online - Playchess.com"]
[Date ""]
[Round "7"]
[Board "4"]
[White "Perhinig, Robert"]
[Black "Breneis, Lukas"]
[Result "1-0"]
[WhiteElo "2252"]
[BlackElo "2257"]
[PlyCount "85"]
[EventDate "2020.04.11"]
[EventRounds "9"]
[EventCountry "AUT"]

1. d4 d5 2. Bf4 e6 3. e3 Bd6 4. Bg3 Nf6 5. c4 c6 6. Nc3 a6 7. Nf3 b5 8. c5 Bc7
9. Ne5 O-O 10. Bd3 Bb7 11. O-O Nbd7 12. f4 Ne8 13. Qh5 g6 14. Qh6 Ng7 15. Bh4
Qe8 16. Nxd7 Qxd7 17. Rf3 f5 18. Rh3 Kf7 19. Be1 Rh8 20. Be2 b4 21. Nd1 a5 22.
Nf2 Ba6 23. Bxa6 Rxa6 24. Nd3 Qe7 25. Kh1 Raa8 26. Bf2 Ke8 27. Qxg6+ hxg6 28.
Rxh8+ Kf7 29. Rxa8 g5 30. g3 gxf4 31. gxf4 Nh5 32. Rg1 Nf6 33. Ra7 Kf8 34. Bh4
Qf7 35. Bxf6 Qxf6 36. Rxc7 Qh6 37. Rg3 Qh5 38. Kg2 Qe2+ 39. Nf2 Qxb2 40. h4 Qe2
41. Rgg7 Qxe3 42. Rgf7+ Kg8 43. Rfd7 {Zeit}  1-0

[Event "1. OEsterreichische Internet Schach Meisterschaft - Vorrunde 1"]
[Site "Online - Playchess.com"]
[Date ""]
[Round "7"]
[Board "5"]
[White "Hiermann, Dietmar"]
[Black "Rieger, Robert"]
[Result "0-1"]
[WhiteElo "2250"]
[BlackElo "2307"]
[PlyCount "108"]
[EventDate "2020.04.11"]
[EventRounds "9"]
[EventCountry "AUT"]

1. e4 c5 2. Nf3 Nc6 3. d4 cxd4 4. Nxd4 g6 5. Be2 Bg7 6. c3 Nf6 7. Nxc6 bxc6 8.
Qc2 d5 9. Nd2 Qc7 10. exd5 cxd5 11. Nb3 O-O 12. O-O Bf5 13. Bd3 Bxd3 14. Qxd3
e6 15. h3 Ne4 16. Be3 a5 17. Rab1 a4 18. Nd2 f5 19. Rfe1 f4 20. Nxe4 fxe3 21.
Rxe3 dxe4 22. Rxe4 a3 23. Rc4 Qf7 24. f3 axb2 25. Rxb2 Rad8 26. Qe3 Rd1+ 27.
Kh2 Rd5 28. Re4 Qc7+ 29. f4 e5 30. g3 exf4 31. Rxf4 Rdf5 32. Rxf5 gxf5 33. Rf2
Qe5 34. Qxe5 Bxe5 35. Rf3 Kg7 36. Kg2 Kg6 37. g4 f4 38. h4 h5 39. g5 Kf5 40.
Kh3 Rc8 41. a4 Bxc3 42. g6 Bg7 43. a5 Ra8 44. Ra3 Ra6 45. Ra4 Bh6 46. Kg2 Kxg6
47. Kf3 Kf5 48. Ra1 Bg7 49. Ra4 Be5 50. Ra3 Bc7 51. Rc3 Bd6 52. Rd3 Ke6 53. Rb3
Rxa5 54. Rb5 Rxb5 {Goofy007 gibt auf}  0-1

[Event "1. OEsterreichische Internet Schach Meisterschaft - Vorrunde 1"]
[Site "Online - Playchess.com"]
[Date ""]
[Round "7"]
[Board "6"]
[White "Froewis, Georg"]
[Black "Lichtl, Erich"]
[Result "1-0"]
[WhiteElo "2457"]
[BlackElo "2096"]
[PlyCount "69"]
[EventDate "2020.04.11"]
[EventRounds "9"]
[EventCountry "AUT"]

1. Nf3 b6 2. g3 Bb7 3. Bg2 e6 4. c4 f5 5. Nc3 Nf6 6. O-O Be7 7. d3 O-O 8. b3 a6
9. Bb2 Qe8 10. Qd2 d6 11. Nd4 Bxg2 12. Kxg2 Bd8 13. Nc2 e5 14. e3 Nbd7 15. f4
Qh5 16. Qe2 Qg6 17. Rae1 Be7 18. d4 Rae8 19. Qf3 e4 20. Qe2 h5 21. Kh1 c6 22.
Rg1 Kf7 23. Nb4 Nb8 24. d5 c5 25. Nc2 Rh8 26. Nd1 h4 27. g4 fxg4 28. Bxf6 Qxf6
29. Rxg4 Nd7 30. Reg1 Reg8 31. Qg2 Rh7 32. Qxe4 h3 33. Rg6 Qh4 34. Qe6+ Ke8 35.
Qxg8+  1-0

[Event "1. OEsterreichische Internet Schach Meisterschaft - Vorrunde 1"]
[Site "Online - Playchess.com"]
[Date ""]
[Round "7"]
[Board "7"]
[White "Schreiner, Peter"]
[Black "Wohlfahrt, Herbert"]
[Result "0-1"]
[WhiteElo "2440"]
[BlackElo "2285"]
[PlyCount "98"]
[EventDate "2020.04.11"]
[EventRounds "9"]
[EventCountry "AUT"]

1. e4 c5 2. c3 d5 3. e5 Bf5 4. d4 e6 5. Nf3 Nc6 6. Be2 cxd4 7. Nxd4 Nxd4 8.
cxd4 Ne7 9. Nc3 Nc6 10. O-O Be7 11. Be3 O-O 12. a3 Rc8 13. Rc1 Na5 14. Bd3 Bxd3
15. Qxd3 Nc4 16. Rc2 Qb6 17. Qe2 Rc7 18. Bc1 Rfc8 19. Qd3 Qb3 20. Re2 Nxa3 21.
Qg3 Nc2 22. Qg4 Rc4 23. Rd1 Nb4 24. Rde1 Nd3 25. Bh6 g6 26. Rd1 Rxc3 27. Red2
Nxb2 28. Re1 Rc1 29. Rde2 Rxe1+ 30. Rxe1 Qc2 31. h4 Qf5 32. Qg3 Nd3 33. Ra1 Bf8
34. Be3 a6 35. Kh2 Rc2 36. Rf1 a5 37. Kg1 a4 38. Bg5 a3 39. Rd1 a2 40. Ra1 Rb2
41. Kh2 Qxf2 42. Qh3 Ne1 43. Bf6 Qxg2+ 44. Qxg2 Nxg2 45. Kh3 Nf4+ 46. Kg4 Nd3
47. h5 Nb4 48. hxg6 fxg6 49. Rh1 Rb1  0-1

[Event "1. OEsterreichische Internet Schach Meisterschaft - Vorrunde 1"]
[Site "Online - Playchess.com"]
[Date ""]
[Round "7"]
[Board "8"]
[White "Goelles, Herbert"]
[Black "Poetz, Florian"]
[Result "0-1"]
[WhiteElo "1705"]
[BlackElo "2422"]
[PlyCount "62"]
[EventDate "2020.04.11"]
[EventRounds "9"]
[EventCountry "AUT"]

1. f4 g6 2. Nf3 Bg7 3. g3 d6 4. Bg2 e5 5. fxe5 dxe5 6. d3 Ne7 7. O-O O-O 8. e4
h6 9. Be3 Nbc6 10. Nc3 Be6 11. Qe2 Qd7 12. Nh4 Kh7 13. Rf2 Nd4 14. Bxd4 exd4
15. Nd1 Nc6 16. Nf3 Bg4 17. h4 Rae8 18. Kh2 f5 19. Rf1 fxe4 20. dxe4 Ne5 21.
Nf2 Bxf3 22. Bxf3 Nxf3+ 23. Kh1 Ne5 24. Rad1 Rf3 25. Kg2 Ref8 26. Nh1 c5 27.
Rxf3 Rxf3 28. Nf2 Re3 29. Qf1 Ng4 30. Nh3 Rxe4 31. Nf4 Ne3+ {Sid777 resigns}
 0-1